[Event "Online Olym Div3 C 2020"]
[Site "chess.com INT"]
[Date "2020.07.07"]
[Round "1.3"]
[Board "2"]
[White "Garcia, Jason"]
[Black "Mansour, Sameer"]
[Result "1/2-1/2"]
[BlackTitle "IM"]
[WhiteElo "2028"]
[BlackElo "2308"]
[WhiteTeam "Wales"]
[BlackTeam "Jordan"]
[WhiteFideId "1801775"]
[BlackFideId "8100144"]
[EventDate "2020.07.07"]
[EventType "team"]

1. Nf3 c5 2. c4 g6 3. Nc3 Bg7 4. b3 Nc6 5. Bb2 e5 6. d3 Nge7 7. g3 d6 8. Bg2 O-O
9. O-O h6 10. a3 Rb8 11. Rb1 a6 12. Nd2 b5 13. Nd5 Nxd5 14. Bxd5 Ne7 15. Bg2 Be6
16. Qc2 Qd7 17. Rfe1 Rfc8 18. e4 Nc6 19. Nf3 Rb6 20. Ba1 Rcb8 21. Nd2 Qb7 22. f4
exf4 23. Bxg7 Kxg7 24. gxf4 Nd4 25. Qd1 bxc4 26. bxc4 Rxb1 27. Qxb1 Qxb1 28.
Nxb1 Ne2+ 29. Rxe2 Rxb1+ 30. Kf2 Rb3 31. Rd2 Rxa3 32. Bf1 Rb3 33. Ra2 Bc8 34.
Ke2 Kf6 35. Kd2 Rb1 36. Ke2 Ke7 37. Bg2 g5 38. fxg5 hxg5 39. Bf3 Kf6 40. Bh5 Rh1
41. Ke3 Be6 42. Rf2+ Ke7 43. Ra2 a5 44. Bf3 Rb1 45. Rxa5 Rb2 46. Be2 Kf6 47. Ra1
Ke5 48. Rg1 f6 49. Rh1 Bh3 50. Rg1 Rb8 51. Rg3 Rh8 52. Rg1 Be6 53. Rg2 Rh3+ 54.
Kd2 Bf7 55. Kc3 Bh5 56. Bxh5 Rxh5 57. Rf2 Rh3 58. Rf5+ Ke6 59. Rf2 Kf7 60. Kd2
Kg6 61. Ke2 g4 62. Kd2 Rh6 63. Ke3 Rh3+ 64. Kd2 Kg5 65. Rf5+ Kh4 66. Rxf6 Rxh2+
67. Ke3 Rh3+ 68. Ke2 Rh2+ 69. Ke3 Rh3+ 70. Ke2 1/2-1/2

[Event "Online Olym Div3 C 2020"]
[Site "chess.com INT"]
[Date "2020.07.07"]
[Round "1.5"]
[Board "5"]
[White "Mizzi, Jack"]
[Black "Moazaz, Dhahir Habeeb"]
[Result "1/2-1/2"]
[BlackTitle "FM"]
[WhiteElo "1901"]
[BlackElo "2001"]
[WhiteTeam "Malta"]
[BlackTeam "Iraq"]
[WhiteFideId "5602521"]
[BlackFideId "4807421"]
[EventDate "2020.07.07"]
[EventType "team"]

1. d4 d5 2. c4 c6 3. Nf3 Nf6 4. Nc3 e6 5. g3 Nbd7 6. Bg2 Bd6 7. O-O O-O 8. b3 b6
9. Bb2 Bb7 10. Rc1 Rc8 11. Re1 c5 12. cxd5 exd5 13. e3 Re8 14. Qd3 Ne4 15. Nd2
Ndf6 16. f3 Nxd2 17. Qxd2 h5 18. Bh3 Ra8 19. Nb5 Be7 20. Rcd1 a6 21. Nc3 Qc7 22.
Rc1 Rad8 23. Na4 Bc8 24. Bg2 Bd7 25. dxc5 bxc5 26. Bc3 Bxa4 27. Ba5 Qc6 28. Bxd8
Rxd8 29. bxa4 Qxa4 30. Bf1 c4 31. Qc2 Qc6 32. e4 Bb4 33. Red1 Ba3 34. Rb1 Rc8
35. exd5 Nxd5 36. Re1 Bc5+ 37. Kh1 Ne3 38. Qe4 Qxe4 39. fxe4 c3 40. Bxa6 Ra8 41.
Bd3 Rxa2 42. e5 g6 43. Rbc1 Ng4 44. Re2 Nf2+ 45. Kg2 Nxd3 46. Rxa2 Nxc1 47. Rc2
Be3 48. Rxc3 Bh6 49. Kf3 Kf8 50. Ke4 Ne2 51. Rc8+ Kg7 52. Rc7 Kf8 53. Rc8+ Kg7
54. Rc7 Kf8 55. e6 fxe6 56. Ke5 h4 57. Kf6 Ke8 58. Kxe6 Kd8 59. Rd7+ Kc8 60. Rh7
hxg3 61. hxg3 Bg5 62. g4 Bf4 63. Kf6 g5 64. Kf5 Ng3+ 65. Kg6 Ne4 66. Re7 Nd6 67.
Ra7 Nb5 68. Ra5 Nd6 69. Rxg5 Bxg5 70. Kxg5 Kd7 1/2-1/2

[Event "Online Olym Div3 C 2020"]
[Site "chess.com INT"]
[Date "2020.07.07"]
[Round "2.2"]
[Board "1"]
[White "Saraci, Nderim"]
[Black "Borg, Geoffrey"]
[Result "1/2-1/2"]
[WhiteTitle "IM"]
[BlackTitle "FM"]
[WhiteElo "2415"]
[BlackElo "2367"]
[WhiteTeam "Kosovo"]
[BlackTeam "Malta"]
[WhiteFideId "6351921"]
[BlackFideId "5600014"]
[EventDate "2020.07.07"]
[EventType "team"]

1. d4 g6 2. Nf3 Bg7 3. g3 c5 4. Bg2 cxd4 5. Nxd4 Nc6 6. Nxc6 bxc6 7. O-O Rb8 8.
Nd2 Nf6 9. c4 O-O 10. Nb3 c5 11. Nxc5 Qc7 12. Nb3 Qxc4 13. Be3 Qa4 14. Qd4 Qxd4
15. Bxd4 a6 16. Rac1 Bb7 17. Bxb7 Rxb7 18. Nc5 Rb4 19. Rfd1 d6 20. Nb3 Ng4 21.
Rc7 Re8 22. Bxg7 Kxg7 23. Rd2 Ne5 24. Rdc2 Kf6 25. Ra7 Nc4 26. Rxa6 Reb8 27. e3
Ne5 28. Kg2 h5 29. Ra7 R4b6 30. Rcc7 Nc6 31. Ra4 Nb4 32. Nd2 Nd5 33. Ne4+ Kg7
34. Rc2 Rxb2 35. Rac4 Rxc2 36. Rxc2 Ra8 37. Rb2 Ra3 38. Kf3 Nc3 39. Nxc3 Rxc3
40. Rb7 Ra3 41. Rxe7 Rxa2 42. Rd7 Ra6 43. h3 Kf6 44. Kf4 Ke6 45. Rb7 Ra2 46. f3
Ra5 47. g4 1/2-1/2

[Event "Online Olym Div3 C 2020"]
[Site "chess.com INT"]
[Date "2020.07.07"]
[Round "2.3"]
[Board "1"]
[White "Toczek, Grzegorz"]
[Black "Lenaerts, Lennert"]
[Result "1/2-1/2"]
[WhiteTitle "FM"]
[BlackTitle "FM"]
[WhiteElo "2271"]
[BlackElo "2357"]
[WhiteTeam "Wales"]
[BlackTeam "Belgium"]
[WhiteFideId "1106457"]
[BlackFideId "211435"]
[EventDate "2020.07.07"]
[EventType "team"]

1. e4 e5 2. Nf3 Nc6 3. Nc3 Nf6 4. d4 exd4 5. Nxd4 Bb4 6. Nxc6 bxc6 7. Bd3 d5 8.
exd5 O-O 9. O-O Bg4 10. f3 Bh5 11. Bg5 Qd6 12. Kh1 Bxc3 13. bxc3 cxd5 14. Qd2 c6
15. Rab1 Bg6 16. Qf4 Qxf4 17. Bxf4 Rfe8 18. Rfe1 Rxe1+ 19. Rxe1 Bxd3 20. cxd3
Re8 1/2-1/2

[Event "Online Olym Div3 C 2020"]
[Site "chess.com INT"]
[Date "2020.07.07"]
[Round "2.3"]
[Board "4"]
[White "Musabayeva, Diana"]
[Black "Wilson, Julie"]
[Result "1/2-1/2"]
[WhiteElo "1842"]
[BlackElo "1826"]
[WhiteTeam "Belgium"]
[BlackTeam "Wales"]
[WhiteFideId "254720"]
[BlackFideId "1800876"]
[EventDate "2020.07.07"]
[EventType "team"]

1. e4 e6 2. d4 d5 3. Nc3 Nf6 4. e5 Nfd7 5. f4 c5 6. Nf3 Nc6 7. Be3 cxd4 8. Nxd4
Bc5 9. Qd2 Qe7 10. Ncb5 O-O 11. Nb3 Bxe3 12. Qxe3 f6 13. exf6 Nxf6 14. O-O-O Bd7
15. Bd3 Nb4 16. Kb1 Nxd3 17. Qxd3 a6 18. N5d4 Ne4 19. Rdf1 Rac8 20. g4 Qd6 21.
Qe3 Qc7 22. h4 a5 23. h5 b5 24. g5 e5 25. fxe5 Qxe5 26. Qd3 1/2-1/2

[Event "Online Olym Div3 C 2020"]
[Site "chess.com INT"]
[Date "2020.07.07"]
[Round "2.5"]
[Board "4"]
[White "Promsirinimit, Pornouma"]
[Black "Jalloul, Maya"]
[Result "1/2-1/2"]
[BlackTitle "WFM"]
[WhiteElo "1559"]
[BlackElo "1861"]
[WhiteTeam "Thailand"]
[BlackTeam "Lebanon"]
[WhiteFideId "6204171"]
[BlackFideId "5300800"]
[EventDate "2020.07.07"]
[EventType "team"]

1. e4 c5 2. Nf3 d6 3. d4 cxd4 4. Nxd4 Nf6 5. Nc3 a6 6. Be2 e5 7. Nb3 Be7 8. O-O
O-O 9. Be3 Be6 10. Qd3 Nbd7 11. Nd5 Bxd5 12. exd5 Rc8 13. Nd2 Nc5 14. Bxc5 Rxc5
15. c4 b5 16. b3 Qd7 17. f4 e4 18. Nxe4 Nxe4 19. Qxe4 Re8 20. Bd3 g6 21. Rae1
Rcc8 22. Qf3 Qa7+ 23. Qf2 Qd7 24. f5 Bf8 25. fxg6 hxg6 26. Rxe8 Rxe8 27. cxb5
Bh6 28. Re1 Rxe1+ 29. Qxe1 axb5 30. Qb4 Qa7+ 31. Kf1 Qxa2 32. Qxb5 Qa1+ 33. Ke2
Qb2+ 34. Kf3 Qf6+ 35. Ke2 Qe5+ 36. Kf3 Qf4+ 37. Ke2 Qe3+ 38. Kf1 Qc1+ 39. Kf2
Qe3+ 40. Kf1 Qf4+ 41. Kg1 Qc1+ 42. Kf2 Qe3+ 43. Kf1 1/2-1/2

[Event "Online Olym Div3 C 2020"]
[Site "chess.com INT"]
[Date "2020.07.07"]
[Round "3.1"]
[Board "4"]
[White "Raharimanana, Faratiana"]
[Black "Promsirinimit, Pornouma"]
[Result "1/2-1/2"]
[WhiteTitle "WFM"]
[WhiteElo "1687"]
[BlackElo "1559"]
[WhiteTeam "Madagascar"]
[BlackTeam "Thailand"]
[WhiteFideId "13100378"]
[BlackFideId "6204171"]
[EventDate "2020.07.07"]
[EventType "team"]

1. e4 Nc6 2. Nf3 e5 3. Bc4 Nf6 4. d3 Bc5 5. Bg5 h6 6. Bh4 O-O 7. O-O d6 8. h3
Be6 9. Nbd2 a6 10. c3 b5 11. Bd5 Bxd5 12. exd5 Ne7 13. Bxf6 gxf6 14. c4 Kh7 15.
Ne4 Ba7 16. Nxf6+ Kg7 17. Ne4 f5 18. Ng3 Ng6 19. b3 Kh7 20. Qd2 Rf7 21. Rae1 Qg8
22. d4 e4 23. Nh2 Qg7 24. Rd1 Rg8 25. Nh5 Qf8 26. Nf4 Nxf4 27. Qxf4 Qg7 28. g3
Bxd4 29. Rfe1 Bb6 30. Nf1 Qg6 31. Ne3 Qg5 32. Qxg5 hxg5 33. Kg2 Kg6 34. g4 fxg4
35. Nxg4 Rf4 36. Re2 Rgf8 37. Rde1 Kf5 38. Nh6+ Kg6 39. Ng4 Kf5 40. Kg3 Rf3+ 41.
Kg2 Rf4 1/2-1/2

[Event "Online Olym Div3 C 2020"]
[Site "chess.com INT"]
[Date "2020.07.07"]
[Round "3.3"]
[Board "2"]
[White "Luanja, Geoffrey"]
[Black "Memeti, Kastriot"]
[Result "1/2-1/2"]
[WhiteElo "2239"]
[BlackElo "2129"]
[WhiteTeam "Zambia"]
[BlackTeam "Belgium"]
[WhiteFideId "8704287"]
[BlackFideId "204390"]
[EventDate "2020.07.07"]
[EventType "team"]

1. d4 e6 2. Bf4 c5 3. e3 Nf6 4. Nf3 d5 5. c3 Bd6 6. Bg3 Qc7 7. Nbd2 Nbd7 8. Bd3
O-O 9. Qc2 e5 10. dxe5 Nxe5 11. Nxe5 Bxe5 12. Nf3 Bxg3 13. hxg3 h6 14. Bf5 Re8
15. O-O b6 16. Bxc8 Raxc8 17. Rfd1 Rcd8 18. Qb3 Qc8 19. a4 Qb7 20. a5 b5 21. Qa3
Rc8 22. Rac1 Ne4 23. Nd2 a6 24. Nxe4 dxe4 25. Rd6 Rc6 26. Rcd1 Rec8 27. Rd7 R6c7
28. R7d5 b4 29. Qa4 bxc3 30. bxc3 Re7 31. Qc4 Qb5 32. Qxb5 axb5 33. Rd8+ Rxd8
34. Rxd8+ Kh7 35. Rb8 b4 36. cxb4 Ra7 37. Rb5 cxb4 38. Rxb4 Rxa5 39. Rxe4 Ra1+
40. Kh2 Kg6 41. g4 f6 42. Kg3 Ra5 43. Re7 Rb5 44. f4 Ra5 45. Kf3 Rb5 46. Ra7 Rc5
47. Rd7 Ra5 48. Ke4 Rb5 49. Rd5 Rb4+ 50. Kf3 Ra4 51. e4 Ra3+ 52. Kf2 Kf7 53.
Rd7+ Kf8 54. Rc7 Kg8 55. Rc5 Kf7 56. g5 hxg5 57. fxg5 Rb3 58. gxf6 gxf6 59. Rf5
Ke6 60. Rc5 Ra3 61. Ke2 Ke7 62. Rc6 Kf7 63. Rd6 Ke7 64. Rd3 Ra2+ 65. Kf3 Ke6 66.
g3 Ra5 67. Kf4 Ra1 68. Rb3 Rf1+ 69. Rf3 Re1 70. Re3 Rf1+ 71. Rf3 Re1 72. Re3
Rf1+ 73. Rf3 1/2-1/2

[Event "Online Olym Div3 C 2020"]
[Site "chess.com INT"]
[Date "2020.07.07"]
[Round "3.4"]
[Board "1"]
[White "Borg, Geoffrey"]
[Black "Toczek, Grzegorz"]
[Result "1/2-1/2"]
[WhiteTitle "FM"]
[BlackTitle "FM"]
[WhiteElo "2367"]
[BlackElo "2271"]
[WhiteTeam "Malta"]
[BlackTeam "Wales"]
[WhiteFideId "5600014"]
[BlackFideId "1106457"]
[EventDate "2020.07.07"]
[EventType "team"]

1. e4 c6 2. d4 d5 3. exd5 cxd5 4. c4 Nf6 5. Nc3 g6 6. cxd5 Bg7 7. Bb5+ Nbd7 8.
d6 O-O 9. dxe7 Qxe7+ 10. Nge2 a6 11. Bd3 b5 12. O-O Bb7 13. Bf4 Nb6 14. Be5 b4
15. Na4 Nxa4 16. Qxa4 Nd5 17. Bxg7 Kxg7 18. Rfe1 Qd6 19. Ng3 Nf4 20. Be4 Bxe4
21. Rxe4 Rac8 22. Qd1 f5 23. Re5 Rfd8 24. Rxf5 Qxd4 25. Qxd4+ Rxd4 26. h3 Rc2
27. b3 Ne2+ 28. Nxe2 Rxe2 29. Rf3 Rdd2 30. Rc1 Rc2 31. Rd1 Rcd2 32. Rc1 Rc2 33.
Rd1 Rcd2 34. Rc1 1/2-1/2

[Event "Online Olym Div3 C 2020"]
[Site "chess.com INT"]
[Date "2020.07.07"]
[Round "3.4"]
[Board "4"]
[White "Sivarajasingam, Shayanna"]
[Black "Thornton, Filipina"]
[Result "1/2-1/2"]
[WhiteTitle "WCM"]
[BlackTitle "WFM"]
[WhiteElo "1818"]
[BlackElo "1738"]
[WhiteTeam "Wales"]
[BlackTeam "Malta"]
[WhiteFideId "1802887"]
[BlackFideId "5600464"]
[EventDate "2020.07.07"]
[EventType "team"]

1. e4 c5 2. Nf3 d6 3. Bb5+ Bd7 4. Bxd7+ Nxd7 5. d4 cxd4 6. Qxd4 e5 7. Qd1 Ngf6
8. Qe2 Rc8 9. Bg5 Qb6 10. b3 Qb4+ 11. Bd2 Qxe4 12. Qxe4 Nxe4 13. c4 Nxd2 14.
Nbxd2 Be7 15. Rd1 Nc5 16. O-O O-O 17. Nb1 e4 18. Nd4 Nd3 19. Nf5 Rfe8 20. f3 d5
21. Nxe7+ Rxe7 22. cxd5 Nc5 23. d6 Rd7 24. Rc1 Rc6 25. fxe4 Nxe4 26. Rxc6 bxc6
27. Rc1 Rxd6 28. Na3 h6 29. Nc4 Rf6 30. Rf1 Rxf1+ 31. Kxf1 Kf8 32. Ne5 c5 33.
Nc6 Nc3 34. a4 Ne4 35. Ke1 Nd6 36. Nxa7 Ke7 37. Kd2 Ke6 38. Nc6 Kd5 39. Ne7+ Ke6
40. Nc6 Kd5 41. Ne7+ Ke6 42. Nc6 1/2-1/2

[Event "Online Olym Div3 C 2020"]
[Site "chess.com INT"]
[Date "2020.07.07"]
[Round "3.5"]
[Board "6"]
[White "Saraci, Ndriqona"]
[Black "Nihad, Sabah Noori"]
[Result "1/2-1/2"]
[WhiteTitle "WCM"]
[WhiteElo "1374"]
[BlackElo "1324"]
[WhiteTeam "Kosovo"]
[BlackTeam "Iraq"]
[WhiteFideId "969095"]
[BlackFideId "4809394"]
[EventDate "2020.07.07"]
[EventType "team"]

1. e4 e5 2. Nf3 Nc6 3. d4 exd4 4. Nxd4 Bc5 5. Be3 Qf6 6. c3 Nge7 7. Be2 O-O 8.
O-O d5 9. Nxc6 Qxc6 10. Bxc5 Qxc5 11. exd5 Qxd5 12. Qxd5 Nxd5 13. Bf3 Be6 14.
Nd2 Rad8 15. Ne4 c6 16. Ng3 Rfe8 17. Rfd1 Rd7 18. c4 Nf6 19. Rxd7 Nxd7 20. b3
Ne5 21. Be2 Rd8 22. Rd1 Rxd1+ 23. Bxd1 Kf8 24. Bc2 h6 25. Kf1 Ke7 26. Ke2 Nd7
27. f3 Nc5 28. Ne4 Nxe4 29. Bxe4 Kd6 30. Ke3 Kc5 31. f4 Kb4 32. f5 Bd7 33. Kd4
Ka3 34. Kc5 Kxa2 35. Kd6 Bxf5 36. Bxf5 Kxb3 37. c5 a5 38. Bc8 a4 39. Ke7 Kb4 40.
Kxf7 Kxc5 41. Be6 b5 42. Kxg7 b4 43. Kxh6 b3 44. g4 Kb4 45. g5 a3 46. g6 a2 47.
g7 a1=Q 48. g8=Q Qc1+ 49. Kh7 Qc2+ 50. Qg6 Qxh2+ 51. Kg7 Qc7+ 52. Bf7 Qe5+ 53.
Kg8 Qd4 54. Qxc6 Qd8+ 55. Kg7 Qg5+ 56. Qg6 Qxg6+ 57. Bxg6 Kc3 58. Kf6 Kb2 59.
Bf7 Ka2 60. Bxb3+ 1/2-1/2

[Event "Online Olym Div3 C 2020"]
[Site "chess.com INT"]
[Date "2020.07.08"]
[Round "4.1"]
[Board "6"]
[White "Saraci, Ndriqona"]
[Black "Ramarolafy Grace Gloria"]
[Result "1/2-1/2"]
[WhiteTitle "WCM"]
[WhiteElo "1374"]
[BlackElo "1174"]
[WhiteTeam "Kosovo"]
[BlackTeam "Madagascar"]
[WhiteFideId "969095"]
[BlackFideId "13103660"]
[EventDate "2020.07.07"]
[EventType "team"]

1. e4 c6 2. Nf3 d5 3. exd5 cxd5 4. d4 Nc6 5. c3 Nf6 6. Be2 Bg4 7. Nbd2 e6 8. O-O
Bd6 9. Nh4 Bxe2 10. Qxe2 O-O 11. Nhf3 Ne7 12. Re1 Re8 13. Nf1 Ng6 14. Ng3 e5 15.
dxe5 Nxe5 16. Be3 a6 17. Nf5 Qd7 18. Nxd6 Qxd6 19. Nxe5 Qxe5 20. Qf3 Qe4 21.
Qxe4 Nxe4 22. Rad1 Rad8 23. Rd4 Nf6 24. h3 Re4 25. Kf1 Rde8 26. Bd2 Rxd4 27.
Rxe8+ Nxe8 28. cxd4 Nd6 29. Bc3 Nb5 30. Ke2 g6 31. Ke3 Kg7 32. Kf4 Kf6 33. g4 h6
34. h4 g5+ 35. hxg5+ hxg5+ 36. Ke3 Ke6 37. f4 Kf6 38. fxg5+ Kxg5 39. Kf3 Nd6 40.
Bd2+ Kg6 41. g5 f6 42. gxf6 Kxf6 43. Ke3 Nc4+ 44. Ke2 Nxb2 45. a3 Nc4 46. Bb4
Kf5 47. Kd3 Kf4 48. Bf8 b5 49. Be7 Nb2+ 50. Kc3 Nc4 51. Bf8 Ke4 52. Bc5 Ke3 53.
Bf8 Ke4 54. Bc5 Kf3 55. Bf8 Ke3 56. Bc5 Ke4 57. Bf8 Ne3 58. Bc5 Nc4 59. Bf8 Ke3
60. Bc5 Ke4 1/2-1/2

[Event "Online Olym Div3 C 2020"]
[Site "chess.com INT"]
[Date "2020.07.08"]
[Round "4.2"]
[Board "1"]
[White "Toczek, Grzegorz"]
[Black "Al-Saffar, Araz Basim Mohammed S"]
[Result "1/2-1/2"]
[WhiteTitle "FM"]
[BlackTitle "IM"]
[WhiteElo "2271"]
[BlackElo "2382"]
[WhiteTeam "Wales"]
[BlackTeam "Iraq"]
[WhiteFideId "1106457"]
[BlackFideId "4801040"]
[EventDate "2020.07.07"]
[EventType "team"]

1. e4 e5 2. Nf3 Nf6 3. Nc3 Bb4 4. Nxe5 O-O 5. Be2 Re8 6. Nd3 Bxc3 7. dxc3 Nxe4
8. Nf4 d6 9. O-O Nd7 10. f3 Nef6 11. c4 Qe7 12. Rf2 Nc5 13. Bf1 Bd7 14. Re2 Qf8
15. Be3 a5 16. Qd2 Bc6 17. Rae1 b6 18. b3 Rad8 19. Bd4 Rxe2 20. Rxe2 Ncd7 21.
Bb2 Re8 22. Nd5 Rxe2 23. Bxe2 Bxd5 24. cxd5 Qe7 25. Kf2 Ne5 26. Qd4 Ng6 27. c4
Qe5 28. Qxe5 Nxe5 29. h3 Kf8 30. Ke3 Ke7 31. Kf4 Ng6+ 32. Ke3 Nh4 33. Kf2 Ng6
34. Ke3 Nh4 35. Kf2 Ng6 36. Ke3 1/2-1/2

[Event "Online Olym Div3 C 2020"]
[Site "chess.com INT"]
[Date "2020.07.08"]
[Round "4.2"]
[Board "3"]
[White "Smith, Olivia"]
[Black "A-ALI, Sali Abbas Abdulzahra"]
[Result "1/2-1/2"]
[WhiteTitle "WFM"]
[BlackTitle "WFM"]
[WhiteElo "2012"]
[BlackElo "1911"]
[WhiteTeam "Wales"]
[BlackTeam "Iraq"]
[WhiteFideId "411850"]
[BlackFideId "4804929"]
[EventDate "2020.07.07"]
[EventType "team"]

1. e4 e6 2. Qe2 c5 3. Nf3 Nc6 4. g3 g6 5. Bg2 Bg7 6. O-O Nge7 7. c3 O-O 8. d3 d5
9. Nbd2 d4 10. cxd4 Nxd4 11. Nxd4 cxd4 12. a4 e5 13. Nc4 Be6 14. b3 a6 15. a5
Bxc4 16. bxc4 Nc6 17. Bd2 Re8 18. f4 exf4 19. gxf4 b6 20. axb6 Qxb6 21. Rab1 Qc7
22. Qf3 Rab8 23. e5 Ne7 24. Bh3 Rxb1 25. Rxb1 Rb8 26. Qd1 Nf5 27. Bxf5 gxf5 28.
Ra1 Qb7 29. Be1 Bh6 30. Bg3 Qc6 31. Rb1 Rb6 32. Rxb6 Qxb6 33. Qf3 Bf8 34. Bh4 a5
35. Bf6 h6 36. Qg2+ Kh7 37. Qd5 Qb1+ 38. Kg2 Qc2+ 39. Kh3 Qxd3+ 40. Kh4 Kg8 41.
Qg2+ Kh7 42. Qd5 Kg8 43. Qg2+ Kh7 44. Qd5 1/2-1/2

[Event "Online Olym Div3 C 2020"]
[Site "chess.com INT"]
[Date "2020.07.08"]
[Round "4.2"]
[Board "5"]
[White "Fowler, Hugo"]
[Black "Moazaz, Dhahir Habeeb"]
[Result "1/2-1/2"]
[BlackTitle "FM"]
[WhiteElo "1840"]
[BlackElo "2001"]
[WhiteTeam "Wales"]
[BlackTeam "Iraq"]
[WhiteFideId "433411"]
[BlackFideId "4807421"]
[EventDate "2020.07.07"]
[EventType "team"]

1. e4 e5 2. Nf3 Nc6 3. Bc4 Bc5 4. c3 Nf6 5. d3 d6 6. Bb3 O-O 7. Nbd2 Bb6 8. Nf1
Ng4 9. Ne3 Nxe3 10. Bxe3 h6 11. h3 Kh7 12. O-O f5 13. exf5 Bxf5 14. d4 e4 15.
Nh2 Na5 16. Bc2 Nc4 17. b3 Nxe3 18. fxe3 d5 19. Qh5 g6 20. Qe2 c6 21. g4 Be6 22.
Rxf8 Qxf8 23. Rf1 Qd6 24. Qg2 Bc7 25. Rf2 Kg7 26. Nf1 Rf8 27. Rxf8 Kxf8 28. Nd2
Kg7 29. Nf1 Qa3 30. Bd1 Qe7 31. Ng3 Qg5 32. Qf2 h5 33. Kg2 hxg4 34. hxg4 Bxg4
35. Bxg4 Qxg4 36. Kh2 Bxg3+ 37. Qxg3 Qxg3+ 38. Kxg3 Kf6 39. Kf4 g5+ 40. Kg4 Kg6
41. c4 Kf6 42. a3 Kg6 43. a4 a5 44. c5 Kf6 45. Kh3 Kf5 46. Kg3 g4 47. Kh4 g3 48.
Kxg3 Kg5 1/2-1/2

[Event "Online Olym Div3 C 2020"]
[Site "chess.com INT"]
[Date "2020.07.08"]
[Round "4.5"]
[Board "1"]
[White "Kulpruethanon, Thanadon"]
[Black "Mansour, Sameer"]
[Result "1/2-1/2"]
[WhiteTitle "FM"]
[BlackTitle "IM"]
[WhiteElo "2282"]
[BlackElo "2308"]
[WhiteTeam "Thailand"]
[BlackTeam "Jordan"]
[WhiteFideId "6201610"]
[BlackFideId "8100144"]
[EventDate "2020.07.07"]
[EventType "team"]

1. Nf3 d6 2. d4 Nf6 3. g3 g6 4. b3 c5 5. Bg2 cxd4 6. Nxd4 Bg7 7. O-O d5 8. Bb2
e5 9. Nf3 e4 10. Nd4 O-O 11. c4 dxc4 12. bxc4 Nc6 13. Nb5 Be6 14. N1a3 Qb6 15.
Rb1 Rad8 16. Qc1 Qc5 17. Bxf6 Bxf6 18. Bxe4 Rd7 19. Nc3 Qe5 20. Nd5 Bg5 21. Qc2
f5 22. Bf3 Nd4 23. Qd3 Nxf3+ 24. Qxf3 Bxd5 25. cxd5 Qxd5 26. Qxd5+ Rxd5 27. Rxb7
Rf7 28. Rfb1 Rxb7 29. Rxb7 Rd2 30. e3 Rxa2 31. Nc4 Bf6 32. h4 a5 33. Ra7 a4 34.
Kg2 Kf8 35. Nb6 a3 36. Nd7+ Ke7 37. Nxf6+ Kxf6 38. Rxh7 Rb2 39. Ra7 a2 40. Kf3
Ke6 41. Kf4 Rxf2+ 42. Kg5 Rf3 43. Ra6+ Ke5 44. Ra5+ Ke6 45. Ra6+ Ke5 46. Ra5+
Ke6 47. Ra6+ 1/2-1/2

[Event "Online Olym Div3 C 2020"]
[Site "chess.com INT"]
[Date "2020.07.08"]
[Round "4.5"]
[Board "2"]
[White "Aboudi, Marwan"]
[Black "Khumnorkaew, Tupfah"]
[Result "1/2-1/2"]
[WhiteElo "2136"]
[BlackElo "2099"]
[WhiteTeam "Jordan"]
[BlackTeam "Thailand"]
[WhiteFideId "8100160"]
[BlackFideId "6202071"]
[EventDate "2020.07.07"]
[EventType "team"]

1. e4 c5 2. Nf3 e6 3. d4 cxd4 4. Nxd4 Nf6 5. Nc3 a6 6. Be2 Qc7 7. O-O d6 8. Be3
Be7 9. a4 b6 10. f4 Bb7 11. Bf3 Nbd7 12. Qe1 O-O 13. Qg3 Rac8 14. Rae1 Qb8 15.
Kh1 Bd8 16. f5 e5 17. Nb3 Nc5 18. Nxc5 dxc5 19. Bh6 Ne8 20. Be2 Kh8 21. Bg5 Bxg5
22. Qxg5 f6 23. Qh5 c4 24. Rd1 Nd6 25. Qh4 b5 26. axb5 axb5 27. Nd5 Rce8 28. Rd2
Nf7 29. Rfd1 Ng5 30. Bf3 Kg8 31. Qf2 Bc6 32. Qc5 Qb7 33. h4 Nf7 34. Bh5 Bxd5 35.
Rxd5 Rc8 36. Qxb5 Qa7 37. R1d2 Qe3 38. Bxf7+ 1/2-1/2

[Event "Online Olym Div3 C 2020"]
[Site "chess.com INT"]
[Date "2020.07.08"]
[Round "4.5"]
[Board "6"]
[White "Tala, Alnasser"]
[Black "Chuemsakul, Sarocha"]
[Result "1/2-1/2"]
[BlackTitle "WFM"]
[WhiteElo "1431"]
[BlackElo "1668"]
[WhiteTeam "Jordan"]
[BlackTeam "Thailand"]
[WhiteFideId "8110328"]
[BlackFideId "6203710"]
[EventDate "2020.07.07"]
[EventType "team"]

1. e4 c6 2. d4 d5 3. e5 Bf5 4. Bd3 Bxd3 5. Qxd3 Qa5+ 6. Qc3 Qa6 7. Nf3 e6 8. Qd3
Qxd3 9. cxd3 Ne7 10. O-O Ng6 11. Nc3 Be7 12. Na4 Nd7 13. Be3 O-O 14. Nc5 Bxc5
15. dxc5 Ngxe5 16. Nxe5 Nxe5 17. d4 Ng4 18. h3 Nf6 19. f3 h6 20. Bf4 Rfe8 21.
Be5 Nd7 22. Bd6 e5 23. dxe5 Nxe5 24. Rfe1 Nd3 25. Rxe8+ Rxe8 26. b3 Re2 27. Bb8
a6 28. Bd6 Rc2 29. a3 Nxc5 30. Bxc5 Rxc5 31. Re1 Kf8 32. Re3 Rc2 33. a4 d4 34.
Rd3 c5 35. Kh2 Rc3 36. Rd1 Rxb3 37. Rc1 b6 38. a5 b5 39. Rxc5 Ra3 40. Rd5 d3 41.
Rd4 Ke7 42. Kg3 g6 43. Kf2 Ra2+ 44. Ke3 Rxg2 45. Rxd3 Ra2 46. Kd4 Kd6 47. Kc3+
Kc7 48. Kb4 Ra4+ 49. Kc5 Rc4+ 50. Kd5 Rc6 51. Ke5 f6+ 52. Ke4 b4 53. Rb3 Rc5 54.
Rxb4 Rxa5 55. Rc4+ Kb7 56. Rd4 Re5+ 57. Kd3 Kc6 58. Rc4+ Rc5 59. Re4 Kd6 60. Kd4
Rc8 61. Re2 h5 62. Ra2 Ra8 63. h4 Kc6 64. f4 Rd8+ 65. Kc4 Kb6 66. Rb2+ Ka7 67.
Ra2 Rd1 68. Rg2 Rf1 69. Rxg6 Rxf4+ 70. Kb3 a5 71. Rh6 Rf5 72. Ka4 Kb6 73. Ka3
Kb5 74. Rh8 Rf3+ 75. Kb2 Ka4 76. Rxh5 f5 77. Rh8 f4 78. Rf8 Kb4 79. Rb8+ Kc5 80.
Ra8 Kb6 81. Rb8+ Ka7 82. Rb5 Ka6 83. Rf5 a4 84. h5 a3+ 85. Ka2 Kb6 86. h6 Rf2+
87. Kxa3 f3 88. h7 Rh2 89. Rxf3 Rxh7 90. Rb3+ Ka5 91. Kb2 Ka4 92. Ra3+ Kb4 93.
Rb3+ Kc4 94. Rc3+ Kd4 95. Rb3 Kc4 96. Rc3+ 1/2-1/2

[Event "Online Olym Div3 C 2020"]
[Site "chess.com INT"]
[Date "2020.07.08"]
[Round "5.2"]
[Board "1"]
[White "Michiels, Bart"]
[Black "Kulpruethanon, Thanadon"]
[Result "1/2-1/2"]
[WhiteTitle "GM"]
[BlackTitle "FM"]
[WhiteElo "2567"]
[BlackElo "2282"]
[WhiteTeam "Belgium"]
[BlackTeam "Thailand"]
[WhiteFideId "202967"]
[BlackFideId "6201610"]
[EventDate "2020.07.07"]
[EventType "team"]

1. c4 c5 2. g3 g6 3. Bg2 Bg7 4. Nc3 Nc6 5. Nf3 Nf6 6. d4 cxd4 7. Nxd4 O-O 8. O-O
Qa5 9. e3 d6 10. Qd2 Qh5 11. b3 Bh3 12. Bb2 Nxd4 13. exd4 d5 14. Rfe1 Bxg2 15.
Kxg2 dxc4 16. bxc4 Rac8 17. Rxe7 Rxc4 18. Qe2 Qxe2 19. Nxe2 Rc2 20. Ba3 Rd8 21.
Kf3 Bf8 22. Re3 Nd5 23. Rb3 Bxa3 24. Rxa3 Rd6 25. Rxa7 Rf6+ 26. Ke4 Rf5 27. Kd3
Nb4+ 28. Ke3 Nd5+ 29. Kd3 Nb4+ 30. Ke3 Nd5+ 1/2-1/2